• 首页
  • 本馆介绍
  • 公告通知
  • 最新文献
  • 馆藏检索
  • 电子资源
  • 读者导购
  • 参考咨询
  • 我的图书馆
  • 登录
  • 详细信息显示
  • 放入我的书架
  • 预约/预借图书
  • 作者相关作品
  • 分类相关作品
  • 丛书相关作品
  • 出版社相关作品

书目信息

  • 表格格式
  • 工作单格式
  • 卡片格式
题名:
误差理论与应用
    
 
作者: 肖明耀 著
分册:  
出版信息: 北京   计量出版社  1985.8
页数: 651页
开本: 20cm
丛书名:
单 册:
中图分类: TH701
科图分类:
主题词: 仪器 , 仪表 , 仪表装置
电子资源:
ISBN:
000 00552nam0 2200217 45
001 0312221749
005 20060310094516.20
010    @dCNY4.40
091    @a15210.487
100    @a20031222d1985 km y0chiy0120 ea
101    @achi
200 1  @a误差理论与应用@AWu Cha Li Lun Yu Ying Yong@f肖明耀著@FXiao Ming Yao Zhu
210    @a北京@c计量出版社@d1985.8
215    @a651页@d20cm
606 0  @a仪器
606 0  @a仪表
606 0  @a仪表装置
690    @aTH701
701 0  @a肖明耀@4著
801    @aCN@bTSTCL@c20060310
905    @dTH701@f3@b149070-072@e14
    
    误差理论与应用/肖明耀著.-北京:计量出版社,1985.8
    651页;20cm
    
    
    ISBN :CNY4.40
    
●
相关链接 在E读中查询图书 在五车中查询图书 在当当中查询图书 在豆瓣中查询图书


正题名:误差理论与应用     索取号:TH701/14         预约/预借

序号 登录号 条形码 馆藏地/架位号 状态 备注
1 0149070   001365409   密集书库/ [索取号:TH701/14] 在馆    
2 0149071   001365695   第三借阅区/ [索取号:TH701/14] 在馆    
3 0149072   001365613   密集书库/ [索取号:TH701/14] 在馆    
4 0149073   202192180   密集书库/ [索取号:TH701/14] 在馆    
5 0149074   001365659   第二样本阅览室/ [索取号:TH701/14] 在馆    
唐山师范学院图书馆 欢迎您!
大连网信软件有限公司© 版权所有